El comportamiento de la verdad y de la justificación y su relación con la práctica asertiva (Record no. 179048)

MARC details
000 -CABECERA
campo de control de longitud fija 01738cab a2200265 ab4500
005 - FECHA Y HORA DE LA ÚLTIMA TRANSACCIÓN
campo de control 20240316063750.0
008 - ELEMENTOS DE LONGITUD FIJA--INFORMACIÓN GENERAL
campo de control de longitud fija 991125c2014 cl ar p o 000 0 spa d
035 ## - NÚMERO DE CONTROL DEL SISTEMA
Número de control de sistema UPN01000206947
040 ## - FUENTE DE LA CATALOGACIÓN
Centro catalogador/agencia de origen MX-MxUPN
Lengua de catalogación spa
Centro/agencia transcriptor MX-MxUPN
Normas de descripción aacr2
049 ## - COLECCIÓN
Colección ART-E
100 1# - ASIENTO PRINCIPAL--NOMBRE PERSONAL
Nombre de persona Matías Pailos, Federico
100 1# - ASIENTO PRINCIPAL--NOMBRE PERSONAL
Filiación fpailos@hotmail.com
245 13 - MENCIÓN DE TÍTULO
Título El comportamiento de la verdad y de la justificación y su relación con la práctica asertiva
Medio [recurso electrónico en línea]
506 0# - NOTA DE RESTRICCIONES AL ACCESO
Limitaciones de acceso Acceso abierto
520 3# - NOTA DE RESUMEN, ETC.
Sumario, etc. Crispin Wright afirma que tanto la norma que insta a afirmar lo verdadero como la que exhorta a afirmar lo justificado son distintivas de la práctica asertórica. A pesar de que ellas no son diferentes en la práctica, son distintas. Pero Richard Rorty argumenta que las razones ofrecidas obligarían a Wright a aceptar demasiadas reglas como propias de dicha práctica. Wright admitiría que las normas pueden ser ilimitadas, pero no que son ilimitadas las normas correctas. Para defender esta posición, basta con distinguir, como hace, las normas descriptivas de las prescriptivas. A pesar de ello, la posición de Rorty es admisible, pues no parece haber ventajas visibles en distinguir ambas normas. Si no se exponen (y Wright no lo hace) estas ventajas, la teoría resultante será más débil que una que no lo pretenda (como la que Rorty defiende).
650 #2 - ASIENTO SECUNDARIO DE MATERIA - TERMINO TEMATICO
Término de materia o nombre geográfico como elemento de entrada Verdad
9 (RLIN) 14398
650 #4 - ASIENTO SECUNDARIO DE MATERIA - TERMINO TEMATICO
Término de materia o nombre geográfico como elemento de entrada Filosofía
9 (RLIN) 5327
653 0# - TERMINO DE INDIZACION - NO CONTROLADO
Término no controlado ASERCION
653 0# - TERMINO DE INDIZACION - NO CONTROLADO
Término no controlado NORMAS
773 ## - ENLACE AL DOCUMENTO FUENTE/ENTRADA DE REGISTRO ANFITRIÓN
Parte(s) relacionada(s) Vol. 70 (2014), p.119-131
Título Revista de filosofía
Número Internacional Normalizado para Publicaciones Seriadas 0718-4360
856 4# - LOCALIZACIÓN Y ACCESO ELECTRÓNICOS
Identificador Uniforme del Recurso <a href="https://revistafilosofia.uchile.cl/index.php/RDF/article/view/35934">https://revistafilosofia.uchile.cl/index.php/RDF/article/view/35934</a>
902 ## - ELEMENTOS DE DATOS B LOCAL, LDB (RLIN)
Creó Leonor Sotres
Modificó Leonor Sotres/121122/M
905 ## - TIPO DE MATERIAL
Tipo de material Articulo
942 ## - ELEMENTOS DE PUNTO DE ACCESO ADICIONAL (KOHA)
Tipo de ítem Koha Artículo Electrónico
Holdings
Estado de retiro Estado de pérdida Estado dañado No para préstamo Código de colección Localización permanente Ubicación/localización actual Ubicación en estantería Fecha de adquisición Total de préstamos Fecha visto por última vez Identificador Uniforme del Recurso Precio válido a partir de Tipo de ítem Koha
        Acceso abierto Bib. Gregorio Torres Quintero Bib. Gregorio Torres Quintero En línea 12/11/2022   12/11/2022 https://revistafilosofia.uchile.cl/index.php/RDF/article/view/35934 12/11/2022 Artículo Electrónico